000 01120 a2200229 4500
001 14655
005 20260407155448.0
008 260407a1985 arg spa d
003 AR-UNSa-BCEJYS
040 _aAR-UNSa-BCEJYS
_bspa
_cAR-UNSa-BCEJYS
080 _a330.4
_xEconomía matemática
245 1 0 _aMathematical economics
020 _a978-0-521-31498-5
250 _a2a. ed.
264 1 _aCambridge :
_bCambridge University Press
_c1985
300 _axxiii, 737 p.
_c23 cm.
505 _a1. Developments of nonlinear programming - 2. The theory of competitive markets - 3. The stability of competitive equilibrium - 4. Frobenius theorems, dominant diagonal matrices, and applications - 5. The calculus of variartions and the optimal growth of an aggregate economy - 6. Multisector models of economic growth - 7. Multisector optimal growth models - 8. Developments of optimal control theory and its applications
942 _cBK
590 _aniveau_biblio:m niveau_hierar:0
100 1 _aTakayama, Akira
856 4 1 _uhttps://www.biblioeco.unsa.edu.ar/pmb/images/libros/14655.jpg
_yImagen de portada
_qimage/jpeg
999 _c596
_d596